Kuasa keputusan

Bibliographic Details
Main Author: KAYE
Other Authors: Rohani Sulaiman, Zol Azlan Hamidin
Format: Book
Published: Petaling Jaya, Selangor : Pearson Education Malaysia , 2001
Subjects:

MARC

LEADER 00000cam a2200000 7i4500
001 0000002706
005 20031113.0
020 0 0 |a 9839236555 
090 0 0 |a 153.83   |b KAY 2001 
100 1 0 |a KAYE   |h Harvey 
245 1 0 |a Kuasa keputusan   |c Harvey Kaye, penterjemah Rohani Sulaiman, Zol Azlan Hamidin 
260 0 0 |a Petaling Jaya, Selangor :   |b Pearson Education Malaysia ,   |c 2001 
300 |a xxii, 258 p. ;   |c 22 cm. 
500 0 0 |a Includes index 
650 0 0 |a Choice (Psychology) 
650 0 0 |a Decision-making 
700 0 1 |a Rohani Sulaiman 
700 0 1 |a Zol Azlan Hamidin 
998 |a JPSM 
999 |a 0000004880   |b Monograph   |c Open Shelf   |e Default branch